Die 10 stärksten Armeen der Welt – die größten Armeen - Statistiken

Allgemein
  • Dieses Quiz wurde 98 mal gespielt
  • Das Durchschnittsergebnis liegt bei 5 aus 10
Answers on the Grid
Answers color-coded by a green-red scale on the quiz's grid according to % correct below.
China
Indien
Ägypten
Südkorea
Israel
Japan
Iran
Vereinigte Staaten
Vereinigtes Königreich
Australien
Polen
Frankreich
Taiwan
Russland
Ukraine
Türkei
Spanien
Italien
Vietnam
Saudi-Arabien
 
Antwortstatistiken
Antwort % Korrekt
China
98%
Russland
82%
Vereinigte Staaten
82%
Indien
60%
Frankreich
51%
Vereinigtes Königreich
47%
Japan
33%
Südkorea
31%
Türkei
29%
Italien
5%
Keine übereinstimmenden Quizze gefunden
Verteilung der Resultate
Anzahl Personen mit jedem Resultat
Perzentil nach korrekt beantworteten Fragen
Ihre Resultats-Entwicklung
Sie haben dieses Quiz noch nicht gespielt